[Event "Deizisau op"]
[Site "Deizisau"]
[Date "2000.??.??"]
[Round "1"]
[White "Kliebe, Harry"]
[Black "Van den Doel, Erik"]
[Result "0-1"]
[WhiteElo "2138"]
[BlackElo "2522"]
[PlyCount "56"]
[EventDate "2000.??.??"]
[Source "www.chesslib.no"]
[SourceDate "2004.05.04"]

1. e4 e5 2. Nc3 Nf6 3. f4 d5 4. fxe5 Nxe4 5. d3 Nxc3 6. bxc3 d4 7. Nf3 Nc6 8. cxd4 Bb4+ 9. Bd2 Bxd2+ 10. Qxd2 Nxd4 11. c3 Nxf3+ 12. gxf3 O-O 13. d4 Be6 14. Bd3 f6 15. Qc2 fxe5 16. Bxh7+ Kh8 17. O-O-O Rxf3 18. Be4 Rf4 19. Rhg1 Qh4 20. d5 Bg8 21. Qg2 Qh6 22. Kb2 Raf8 23. Ka1 Rh4 24. Bb1 Rxh2 25. Qe4 Qb6 26. Rg2 Rf2 27. Rd2 Rxd2 28. Rxd2 Rxd2 0-1

[Event "Corr"]
[Site "?"]
[Date "1995.06.30"]
[Round "?"]
[White "Metzer Karl-Heinz (GER)"]
[Black "Lindstrom Bo (SWE)"]
[Result "1/2-1/2"]
[WhiteElo "2350"]
[BlackElo "2305"]
[PlyCount "50"]
[EventDate "1995.??.??"]
[Source "www.chesslib.no"]
[SourceDate "2004.05.04"]

1. Nc3 Nf6 2. e4 e5 3. f4 d5 4. fxe5 Nxe4 5. d3 Nxc3 6. bxc3 d4 7. Nf3 Nc6 8. cxd4 Bb4+ 9. Bd2 Bxd2+ 10. Qxd2 Nxd4 11. c3 Nxf3+ 12. gxf3 Qh4+ 13. Qf2 Qf4 14. d4 O-O 15. Rg1 Bf5 16. Rg3 f6 17. Bc4+ Kh8 18. exf6 Rae8+ 19. Kf1 Rxf6 20. Kg1 Bg6 21. Re1 Rff8 22. Be6 Re7 23. d5 c6 24. d6 Qxd6 25. Rxg6 Rfe8 1/2-1/2

[Event "Cannes Open"]
[Site "Cannes FRA"]
[Date "1992.??.??"]
[Round "?"]
[White "Van Dongen, Patrick"]
[Black "Boudre, Jean-Pierre"]
[Result "0-1"]
[WhiteElo "2260"]
[BlackElo "2380"]
[PlyCount "48"]
[EventDate "1992.02.??"]
[Source "www.chesslib.no"]
[SourceDate "2004.05.04"]

1. e4 e5 2. Nc3 Nf6 3. f4 d5 4. fxe5 Nxe4 5. d3 Nxc3 6. bxc3 d4 7. Bd2 Bc5 8. Nf3 Bg4 9. Be2 dxc3 10. Bxc3 Nc6 11. Qd2 O-O 12. Rd1 Bxf3 13. Bxf3 Nd4 14. Bxb7 Rb8 15. Be4 f5 16. Bf3 f4 17. Kf1 Nxf3 18. gxf3 Qd5 19. Qe2 Be3 20. Kg2 Rb6 21. Rhg1 Qc5 22. Ba1 Rff6 23. Kh3 Bxg1 24. d4 Qa5 0-1

[Event "Benidorm Open"]
[Site "Benidorm"]
[Date "1989.??.??"]
[Round "?"]
[White "Sievers, Stefan"]
[Black "Fernandez Garcia, Jose L"]
[Result "0-1"]
[WhiteElo "2200"]
[BlackElo "2440"]
[PlyCount "64"]
[EventDate "1989.04.??"]
[Source "www.chesslib.no"]
[SourceDate "2004.05.04"]

1. e4 Nf6 2. Nc3 e5 3. f4 d5 4. fxe5 Nxe4 5. d3 Nxc3 6. bxc3 d4 7. Bb2 c5 8. Nf3 Nc6 9. Be2 Be7 10. O-O O-O 11. Qd2 Be6 12. Kh1 Qd7 13. cxd4 cxd4 14. c3 Bc5 15. cxd4 Nxd4 16. Nxd4 Bxd4 17. Rf4 Bxb2 18. Qxb2 Rac8 19. d4 Rc7 20. Bf3 Bd5 21. Qf2 Rfc8 22. h3 Rc2 23. Qh4 Bxf3 24. gxf3 Rc1+ 25. Rxc1 Rxc1+ 26. Kh2 Rc2+ 27. Kg3 h6 28. Qg4 Qd5 29. Qf5 Qxa2 30. e6 Rg2+ 31. Kh4 Qf2+ 32. Kh5 g6+ 0-1

[Event "BCF Ch"]
[Site "Brighton ENG"]
[Date "1980.08.15"]
[Round "11"]
[White "Hodgson, Julian M"]
[Black "Flear, Glenn C"]
[Result "1/2-1/2"]
[WhiteElo "2315"]
[BlackElo "2320"]
[PlyCount "24"]
[EventDate "1980.08.04"]
[Source "www.chesslib.no"]
[SourceDate "2004.05.04"]

1. e4 e5 2. Nc3 Nf6 3. f4 d5 4. fxe5 Nxe4 5. d3 Bb4 6. dxe4 Qh4+ 7. Ke2 Bxc3 8. bxc3 Bg4+ 9. Nf3 dxe4 10. Qd4 Bh5 11. Ke3 Bxf3 12. gxf3 Qe1+ 1/2-1/2

[Event "Cannes Martinez op"]
[Site "Cannes"]
[Date "1996.??.??"]
[Round "1"]
[White "Szylar, Eric"]
[Black "Mitkov, Nikola"]
[Result "0-1"]
[WhiteElo "2160"]
[BlackElo "2470"]
[PlyCount "65"]
[EventDate "1996.08.??"]
[Source "www.chesslib.no"]
[SourceDate "2004.05.04"]

1. e4 e5 2. Nc3 Nf6 3. f4 d5 4. fxe5 Nxe4 5. d3 Nxc3 6. bxc3 Be7 7. d4 Bf5 8. Bd3 Qd7 9. Qf3 Bxd3 10. Qxd3 Nc6 11. Nf3 Nd8 12. O-O Ne6 13. c4 c6 14. cxd5 cxd5 15. c4 dxc4 16. Qxc4 Rc8 17. Qd3 Qd5 18. Qb3 Rc4 19. Be3 O-O 20. Rac1 b5 21. Rxc4 bxc4 22. Qc3 Rc8 23. Rc1 h6 24. h3 Bd8 25. Qd2 Rc6 26. Rc2 Ba5 27. Qe2 Bb6 28. Qd2 Rc7 29. Kh1 Qe4 30. Bg1 Qd5 31. Qb4 Nf4 32. Kh2 Nh5 33. Qd2 0-1

[Event "CSR Ch"]
[Site "Prague CZE"]
[Date "1992.??.??"]
[Round "5"]
[White "Polasek, Jaroslav"]
[Black "Vrana, Frantisek"]
[Result "1-0"]
[WhiteElo "2355"]
[BlackElo "2275"]
[PlyCount "71"]
[EventDate "1992.04.??"]
[Source "www.chesslib.no"]
[SourceDate "2004.05.04"]

1. e4 e5 2. Nc3 Nf6 3. f4 d5 4. fxe5 Nxe4 5. d3 Nxc3 6. bxc3 d4 7. Nf3 Nc6 8. Be2 dxc3 9. O-O Bc5+ 10. Kh1 O-O 11. Qe1 Nd4 12. Bd1 f6 13. Qxc3 Bb6 14. a4 a5 15. Ba3 Re8 16. exf6 Qxf6 17. Rb1 Ba7 18. Qxc7 Nf5 19. c3 Be6 20. Bb3 Bxb3 21. Rxb3 Ne3 22. Re1 Ng4 23. Re7 Nf2+ 24. Kg1 Nxd3+ 25. Kf1 Rac8 26. Rxe8+ Rxe8 27. Qc4+ Qe6 28. Qxe6+ Rxe6 29. Rxb7 Be3 30. Rd7 Ne5 31. Rd5 Nc4 32. Bc5 Bh6 33. Bd4 Rc6 34. Ne5 Nd2+ 35. Ke2 Re6 36. Rd8+ 1-0

[Event "NED-ch U20 "]
[Site "Leiden"]
[Date "1999.05.07"]
[Round "5"]
[White "Wortel, Marten"]
[Black "Solleveld, Maarten"]
[Result "1/2-1/2"]
[WhiteElo "2281"]
[BlackElo "2347"]
[PlyCount "49"]
[EventDate "1999.05.??"]
[Source "ChessBase"]
[SourceDate "1999.07.10"]

1. e4 e5 2. Nc3 Nf6 3. f4 d5 4. fxe5 Nxe4 5. d3 Nxc3 6. bxc3 Be7 7. Nf3 O-O 8. Be2 f6 9. O-O Nd7 10. exf6 Nxf6 11. Nd4 Bc5 12. Bg5 Qe8 13. Bxf6 Qe3+ 14. Kh1 Rxf6 15. Rxf6 gxf6 16. Bg4 Bxd4 17. Bxc8 Bxc3 18. Qg4+ Kh8 19. Rd1 Be5 20. g3 b6 21. Rf1 Qg5 22. Qxg5 fxg5 23. Bb7 Re8 24. Bxd5 Re7 25. Kg2 1/2-1/2

[Event "AUT Team Ch playoff"]
[Site "Austria"]
[Date "1991.??.??"]
[Round "?"]
[White "Opl, Klaus"]
[Black "Schuh, Franz"]
[Result "0-1"]
[WhiteElo "2270"]
[BlackElo "2355"]
[PlyCount "41"]
[EventDate "1991.??.??"]
[Source "www.chesslib.no"]
[SourceDate "2004.05.04"]

1. e4 e5 2. Nc3 Nf6 3. f4 d5 4. fxe5 Nxe4 5. d3 Nxc3 6. bxc3 d4 7. Nf3 Nc6 8. Be2 Be7 9. O-O O-O 10. Qe1 f6 11. Qg3 fxe5 12. Bh6 Bf6 13. Ng5 dxc3 14. Ne4 Nd4 15. Bg4 Bxg4 16. Qxg4 Qe7 17. Nxc3 Qe6 18. Qxe6+ Nxe6 19. Bd2 e4 20. Rab1 Nd4 21. Kh1 0-1

[Event "DEN-ch qual"]
[Site "DEN"]
[Date "1996.??.??"]
[Round "6"]
[White "Hartvig, Ove Weiss"]
[Black "Pilgaard, Kim"]
[Result "0-1"]
[WhiteElo "2300"]
[BlackElo "2325"]
[PlyCount "86"]
[EventDate "1996.??.??"]
[Source "ChessBase"]

1. e4 e5 2. Nc3 Nf6 3. f4 d5 4. fxe5 Nxe4 5. d3 Nxc3 6. bxc3 Be7 7. Nf3 c5 8. Be2 Nc6 9. O-O O-O 10. Bf4 f6 11. Qd2 Bg4 12. Rae1 Qd7 13. h3 Bf5 14. g4 Bg6 15. Kg2 Rae8 16. Bd1 Bd8 17. exf6 Bxf6 18. g5 Rxe1 19. Qxe1 Re8 20. Qf2 Bxc3 21. Qxc5 Bb4 22. Qf2 Bf5 23. Qg3 Rf8 24. Nh4 Be6 25. g6 h6 26. Bg4 Nd4 27. Nf3 Ne2 28. Ne5 Nxg3 29. Nxd7 Bxg4 30. hxg4 Nxf1 31. Nxf8 Kxf8 32. Kxf1 Bc3 33. Bd6+ Ke8 34. Bc5 b6 35. Be3 Ke7 36. g5 h5 37. Kg2 Ke6 38. Kg3 Kf5 39. Kh4 Kxg6 40. a4 Be1+ 41. Kh3 Kf5 42. c4 dxc4 43. dxc4 Bb4 0-1

[Event "NRW-Liga I 8990"]
[Site "GER"]
[Date "1990.??.??"]
[Round "?"]
[White "Gallinnis, Norbert"]
[Black "Sygulski, Artur"]
[Result "0-1"]
[WhiteElo "2265"]
[BlackElo "2360"]
[PlyCount "124"]
[EventDate "1990.??.??"]
[Source "www.chesslib.no"]
[SourceDate "2004.05.04"]

1. e4 e5 2. Nc3 Nf6 3. f4 d5 4. fxe5 Nxe4 5. d3 Nxc3 6. bxc3 Nc6 7. Nf3 d4 8. cxd4 Bb4+ 9. Bd2 Bxd2+ 10. Qxd2 Nxd4 11. c3 Nxf3+ 12. gxf3 Qh4+ 13. Qf2 Qf4 14. Qg3 Qe3+ 15. Be2 g5 16. Rg1 Bf5 17. f4 gxf4 18. Qxe3 fxe3 19. Rg3 Ke7 20. Rxe3 Rhg8 21. Kf2 Rg6 22. Rb1 Rb6 23. Rb3 c5 24. Bf3 Rd8 25. Ke2 Rxb3 26. axb3 b6 27. Kd2 a5 28. Bc6 Be6 29. Kc2 Rg8 30. Be4 Rg4 31. Kb2 Rh4 32. Re2 f6 33. exf6+ Kxf6 34. Rc2 Ke5 35. Bb7 a4 36. Re2+ Kd6 37. bxa4 Rxa4 38. c4 b5 39. Rd2 bxc4 40. dxc4+ Ke5 41. Re2+ Kd4 42. Rxe6 Rb4+ 43. Kc2 Rxb7 44. Rh6 Kxc4 45. Rh4+ Kb5 46. Kc3 Rf7 47. Rh3 Re7 48. Rh6 Re2 49. Rh5 Re3+ 50. Kd2 Ra3 51. Rxh7 Kb4 52. Rb7+ Kc4 53. h4 Rd3+ 54. Ke2 Rh3 55. Rh7 Kb3 56. h5 c4 57. h6 c3 58. Rb7+ Kc2 59. h7 Kc1 60. Rd7 c2 61. Rc7 Rh2+ 62. Kd3 Kd1 0-1

[Event "Neubrandenburg op"]
[Site "Neubrandenburg"]
[Date "1998.05.07"]
[Round "1"]
[White "Kuehn, Peter"]
[Black "Weyrich, Morten"]
[Result "0-1"]
[WhiteElo "2275"]
[BlackElo "2345"]
[PlyCount "40"]
[EventDate "1998.05.07"]
[Source "ChessBase"]
[SourceDate "1998.09.09"]

1. e4 e5 2. Nc3 Nf6 3. f4 d5 4. fxe5 Nxe4 5. d3 Qh4+ 6. g3 Nxg3 7. Nf3 Qh5 8. Nxd5 Bg4 9. Bg2 Nxh1 10. Bxh1 Nc6 11. Nf4 Bxf3 12. Bxf3 Qxe5+ 13. Qe2 O-O-O 14. Bxc6 Qxe2+ 15. Kxe2 bxc6 16. Be3 Bd6 17. h4 Rhe8 18. Kf3 f6 19. Ne2 Re5 20. Ng3 Rxe3+ 0-1

[Event "Spring Open"]
[Site "Budapest HUN"]
[Date "1993.??.??"]
[Round "5"]
[White "David, Alberto"]
[Black "Engedal, Kim N"]
[Result "1-0"]
[WhiteElo "2380"]
[BlackElo "2240"]
[PlyCount "61"]
[EventDate "1993.??.??"]
[Source "www.chesslib.no"]
[SourceDate "2004.05.04"]

1. e4 e5 2. Nc3 Nf6 3. f4 d5 4. fxe5 Nxe4 5. d3 Nxc3 6. bxc3 d4 7. Nf3 Bg4 8. Be2 Bc5 9. O-O O-O 10. Kh1 Nc6 11. Qe1 Qd7 12. Qh4 Be7 13. Qg3 f6 14. cxd4 Bxf3 15. Bxf3 Nxd4 16. Bh6 Bd8 17. e6 Qe7 18. Bxb7 Rb8 19. Bd5 Kh8 20. Bf4 Rb6 21. Be3 c5 22. Rf2 Nxe6 23. Re1 Bc7 24. Qh4 Be5 25. Rf5 Qd7 26. Qe4 Nd4 27. Bxd4 cxd4 28. Qxe5 Rb5 29. Qe6 Qxe6 30. Bxe6 Rb6 31. Bb3 1-0

[Event "Gyor Matrai Nyar op"]
[Site "Gyor"]
[Date "1997.??.??"]
[Round "3"]
[White "Szekeres, Sandor"]
[Black "Neverov, Anatoly"]
[Result "0-1"]
[WhiteElo "2225"]
[BlackElo "2395"]
[PlyCount "70"]
[EventDate "1997.??.??"]
[Source "www.chesslib.no"]
[SourceDate "2004.05.04"]

1. e4 e5 2. Nc3 Nf6 3. f4 d5 4. fxe5 Nxe4 5. d3 Nxc3 6. bxc3 d4 7. Nf3 Nc6 8. cxd4 Nxd4 9. c3 Nxf3+ 10. Qxf3 Be7 11. d4 O-O 12. Bc4 c6 13. O-O Be6 14. Bd3 Qd7 15. Qg3 Kh8 16. Be3 f6 17. Bf4 c5 18. exf6 Bxf6 19. Bd6 Rfd8 20. dxc5 Bxc3 21. Rad1 Qa4 22. Bb1 Bd4+ 23. Kh1 Bxc5 24. Be5 Qg4 25. Rxd8+ Rxd8 26. Qc3 b6 27. h3 Qg5 28. Qc2 Bg8 29. Qb2 Bc4 30. Re1 Bd5 31. Rf1 Bxg2+ 32. Qxg2 Qxe5 33. Be4 g6 34. Qg4 Rd2 35. Bg2 Bd6 0-1

[Event "Noteboom op"]
[Site "?"]
[Date "2003.03.01"]
[Round "2"]
[White "Dambacher Martyn"]
[Black "De Jong Jan Willem"]
[Result "1/2-1/2"]
[WhiteElo "2362"]
[BlackElo "2254"]
[PlyCount "59"]
[EventDate "2003.??.??"]
[Source "www.chesslib.no"]
[SourceDate "2004.05.04"]

1. e4 e5 2. Nc3 Nf6 3. f4 d5 4. fxe5 Nxe4 5. d3 Nxc3 6. bxc3 Nc6 7. Nf3 d4 8. Be2 Be7 9. O-O O-O 10. Qe1 f6 11. exf6 Bxf6 12. c4 Qe7 13. Nd2 Bg5 14. Rxf8+ Qxf8 15. Bf3 Be3+ 16. Kh1 Ne5 17. Bd5+ Kh8 18. Nf1 Bxc1 19. Rxc1 Qf6 20. Qe4 Bf5 21. Qxd4 c6 22. Bf3 Rd8 23. Qb2 Qg5 24. Be2 Bg4 25. Re1 Rf8 26. Bxg4 Nxg4 27. Qd4 Qh4 28. Qd6 Nf2+ 29. Kg1 Nh3+ 30. Kh1 1/2-1/2

[Event "Politiken Cup"]
[Site "Copenhagen DEN"]
[Date "1980.??.??"]
[Round "4"]
[White "Iskov, Gert"]
[Black "Welin, Thomas"]
[Result "1-0"]
[WhiteElo "2400"]
[BlackElo "2215"]
[PlyCount "145"]
[EventDate "1980.??.??"]
[Source "www.chesslib.no"]
[SourceDate "2004.05.04"]

1. e4 Nf6 2. Nc3 e5 3. f4 d5 4. fxe5 Nxe4 5. d3 Nxc3 6. bxc3 d4 7. Nf3 Nc6 8. cxd4 Bb4+ 9. Bd2 Bxd2+ 10. Qxd2 Nxd4 11. c3 Nxf3+ 12. gxf3 Qh4+ 13. Qf2 Qf4 14. Qg3 Qh6 15. Be2 Bf5 16. d4 O-O 17. f4 f6 18. O-O fxe5 19. fxe5 c6 20. Rf4 Rae8 21. Rd1 g6 22. Bc4+ Be6 23. Rxf8+ Qxf8 24. Bxe6+ Rxe6 25. Rf1 Qe8 26. Qf3 b5 27. Qf4 Kg7 28. Rf3 Qe7 29. Kg2 h6 30. h4 g5 31. Qg4 Rg6 32. h5 Re6 33. Kg3 a6 34. Qf5 Qe8 35. Kg4 Qe7 36. Rf1 a5 37. Qe4 Kg8 38. Rf2 Kg7 39. Rf3 Kg8 40. Rf5 Kg7 41. d5 cxd5 42. Qxd5 b4 43. Qxa5 Qb7 44. Kg3 bxc3 45. Qxc3 Qa7 46. Rf2 Qb8 47. Rf5 Qa7 48. Rf2 Qb8 49. Re2 Qe8 50. Qf3 Qb5 51. Qe4 Qc5 52. Kg2 Qc7 53. a4 Qf7 54. Qf3 Qxf3+ 55. Kxf3 Ra6 56. Re4 Kf7 57. Rd4 Ke6 58. Re4 Rc6 59. a5 Ra6 60. Rb4 Rxa5 61. Rb6+ Ke7 62. Rxh6 Ra1 63. Rb6 g4+ 64. Kf4 Ra4+ 65. Kg3 Re4 66. h6 Kf7 67. Rb7+ Kg8 68. Re7 Kh8 69. e6 Kg8 70. Rg7+ Kh8 71. e7 Re3+ 72. Kf2 Re4 73. Rf7 1-0

[Event "JUG Ch"]
[Site "Kladovo"]
[Date "1992.??.??"]
[Round "3"]
[White "Dinic, Dragan"]
[Black "Mijailovic, Zoran"]
[Result "1/2-1/2"]
[WhiteElo "2235"]
[BlackElo "2375"]
[PlyCount "23"]
[EventDate "1992.12.??"]
[Source "www.chesslib.no"]
[SourceDate "2004.05.04"]

1. e4 e5 2. Nc3 Nf6 3. f4 d5 4. fxe5 Nxe4 5. d3 Nxc3 6. bxc3 d4 7. Nf3 Nc6 8. Be2 dxc3 9. O-O Bc5+ 10. Kh1 O-O 11. Qe1 Nd4 12. Bd1 1/2-1/2

[Event "Apolda op 1st"]
[Site "?"]
[Date "1992.??.??"]
[Round "3"]
[White "Schmidt Hendrik"]
[Black "Raetsky Alexander"]
[Result "0-1"]
[WhiteElo "2150"]
[BlackElo "2460"]
[PlyCount "52"]
[EventDate "1992.??.??"]
[Source "www.chesslib.no"]
[SourceDate "2004.05.04"]

1. e4 e5 2. Nc3 Nf6 3. f4 d5 4. fxe5 Nxe4 5. d3 Nxc3 6. bxc3 c5 7. Nf3 Nc6 8. d4 Bg4 9. Bb5 Qa5 10. Bxc6+ bxc6 11. Bd2 Be7 12. O-O O-O 13. h3 Bh5 14. Qe1 Qa4 15. Be3 Rab8 16. dxc5 Rb2 17. Nd4 Bxc5 18. Qg3 Qc4 19. Rf4 Qxc3 20. Qf2 Re8 21. Rf5 Bg6 22. Rf3 Rxe5 23. Rf1 f6 24. Kh1 Rxe3 25. Qxe3 Qxe3 26. Rxe3 Bxd4 0-1

[Event "Stare Mesto"]
[Site "?"]
[Date "2006.08.16"]
[Round "7"]
[White "Valenta Vit"]
[Black "Sosna Jan"]
[Result "0-1"]
[WhiteElo "2194"]
[BlackElo "2411"]
[PlyCount "82"]
[EventDate "2006.??.??"]
[Source "www.chesslib.no"]
[SourceDate "2004.05.04"]

1. e4 e5 2. Nc3 Nf6 3. f4 d5 4. fxe5 Nxe4 5. d3 Nxc3 6. bxc3 Be7 7. Nf3 O-O 8. Be2 c5 9. d4 Nc6 10. O-O Bf5 11. Be3 Rc8 12. Qd2 cxd4 13. Nxd4 Be4 14. Rab1 Na5 15. Nf5 Bc5 16. Bxc5 Rxc5 17. Nd6 b6 18. Rf2 Qe7 19. Rbf1 Bg6 20. Bd3 Nc4 21. Nxc4 dxc4 22. Bxg6 hxg6 23. Qd6 Rxe5 24. Qxe7 Rxe7 25. Rf4 Rc8 26. Rd1 f6 27. Rdd4 Re1+ 28. Kf2 Rc1 29. Rd2 Rc7 30. Rfd4 g5 31. Kf3 Ra1 32. Ke4 Rxa2 33. Kf5 Kh7 34. Rd5 Ra1 35. Rd7 Rxd7 36. Rxd7 Rf1+ 37. Ke4 Rf2 38. g3 Rxc2 39. Rxa7 Rxc3 40. Rb7 Rb3 41. Kd4 b5 0-1

[Event "Budapest FS06 IM"]
[Site "Budapest"]
[Date "1998.06.17"]
[Round "12"]
[White "Antal, Gergely"]
[Black "Lengyel, Bela"]
[Result "1-0"]
[WhiteElo "2220"]
[BlackElo "2385"]
[PlyCount "37"]
[EventDate "1998.06.??"]
[Source "www.chesslib.no"]
[SourceDate "2004.05.04"]

1. e4 e5 2. Nc3 Nf6 3. f4 d5 4. fxe5 Nxe4 5. d3 Bb4 6. dxe4 Qh4+ 7. Ke2 Bxc3 8. bxc3 Bg4+ 9. Nf3 dxe4 10. Qd4 f5 11. exf6 Nc6 12. Qxe4+ Kf7 13. g3 Qh5 14. Kf2 gxf6 15. Be2 Rhe8 16. Ng5+ Qxg5 17. Qxh7+ Qg7 18. Qxg7+ Kxg7 19. Bxg4 1-0

[Event "Pula tt2"]
[Site "Pula CRO"]
[Date "1990.??.??"]
[Round "9"]
[White "Ivanovic, Zeljko"]
[Black "Bojic, Dusan"]
[Result "1/2-1/2"]
[WhiteElo "2305"]
[BlackElo "2300"]
[PlyCount "56"]
[EventDate "1990.??.??"]
[Source "www.chesslib.no"]
[SourceDate "2004.05.04"]

1. e4 e5 2. Nc3 Nf6 3. f4 d5 4. fxe5 Nxe4 5. d3 Nxc3 6. bxc3 Be7 7. Nf3 O-O 8. Be2 f6 9. O-O Nc6 10. exf6 Bxf6 11. d4 Bg4 12. Rb1 Rb8 13. h3 Bh5 14. Be3 Qe7 15. Bf2 Kh8 16. Qd2 Qd6 17. Nh4 Bxe2 18. Qxe2 Ne7 19. Qd3 b6 20. Bg3 Qd7 21. Nf3 Ng6 22. Qb5 c6 23. Qd3 Rbe8 24. Rbe1 Rxe1 25. Rxe1 Re8 26. Rxe8+ Qxe8 27. c4 Kg8 28. Kf2 Qe6 1/2-1/2

[Event "Zug"]
[Site "Zug"]
[Date "1991.??.??"]
[Round "9"]
[White "Horn, Pascal"]
[Black "Fioramonti, Hung"]
[Result "0-1"]
[WhiteElo "2315"]
[BlackElo "2290"]
[PlyCount "108"]
[EventDate "1991.??.??"]
[Source "www.chesslib.no"]
[SourceDate "2004.05.04"]

1. e4 Nf6 2. Nc3 e5 3. f4 d5 4. fxe5 Nxe4 5. d3 Nxc3 6. bxc3 d4 7. Nf3 Nc6 8. cxd4 Bb4+ 9. Bd2 Bxd2+ 10. Qxd2 Nxd4 11. c3 Nxf3+ 12. gxf3 Qh4+ 13. Qf2 Qe7 14. d4 f6 15. f4 O-O 16. Bc4+ Kh8 17. Qg3 fxe5 18. fxe5 Be6 19. Bb3 Qf7 20. Rg1 g6 21. Rb1 Qf5 22. Kd2 Bxb3 23. axb3 Qf2+ 24. Qxf2 Rxf2+ 25. Ke3 Rxh2 26. d5 Kg7 27. e6 Rh5 28. c4 Rf8 29. Rbf1 Rhf5 30. Rxf5 Rxf5 31. b4 a6 32. Ke4 Kf6 33. c5 c6 34. dxc6 bxc6 35. Ra1 Re5+ 36. Kf3 Rxe6 37. Rxa6 Ke5 38. Ke3 h5 39. Ra8 g5 40. Rh8 h4 41. Rh5 Kf5+ 42. Kd4 Kg4 43. Rh7 Kg3 44. Rd7 Rf6 45. Ke5 Rf4 46. Rd3+ Kf2 47. Rd2+ Kf3 48. Rd3+ Ke2 49. Rb3 Rf8 50. Kd6 g4 51. Kxc6 g3 52. b5 g2 53. Rb2+ Kf3 54. Rb1 h3 0-1

[Event "29th World Open, Philadelphia USA"]
[Site "?"]
[Date "2001.??.??"]
[Round "3"]
[White "Traldi, M."]
[Black "Perelshteyn, E."]
[Result "0-1"]
[WhiteElo "2170"]
[BlackElo "2435"]
[PlyCount "46"]
[EventDate "2001.??.??"]
[Source "www.chesslib.no"]
[SourceDate "2004.05.04"]

1. e4 e5 2. Nc3 Nf6 3. f4 d5 4. fxe5 Nxe4 5. d3 Nxc3 6. bxc3 Be7 7. Nf3 O-O 8. d4 f6 9. Bd3 fxe5 10. Nxe5 Nd7 11. Bxh7+ Kxh7 12. Qh5+ Kg8 13. Ng6 c6 14. Qh8+ Kf7 15. Nxf8 Bh4+ 16. g3 Qe7+ 17. Kf2 Nf6 18. Qxh4 Ng4+ 19. Kf1 Qe4 20. Nh7 Qxh1+ 21. Ke2 Qg2+ 22. Kd1 Qf1+ 23. Kd2 Bf5 0-1

[Event "POL Ch 29th"]
[Site "Wroclaw POL"]
[Date "1972.02.14"]
[Round "7"]
[White "Sznapik, Aleksander"]
[Black "Bednarski, Jacek B"]
[Result "1/2-1/2"]
[WhiteElo "2215"]
[BlackElo "2388"]
[PlyCount "44"]
[EventDate "1972.02.06"]
[Source "www.chesslib.no"]
[SourceDate "2004.05.04"]

1. e4 e5 2. Nc3 Nf6 3. f4 d5 4. fxe5 Nxe4 5. d3 Nxc3 6. bxc3 Nc6 7. Nf3 Be7 8. d4 O-O 9. Bd3 f6 10. exf6 Rxf6 11. O-O Bf5 12. Rb1 Bxd3 13. Qxd3 b6 14. c4 Na5 15. cxd5 Qxd5 16. Bd2 Nc4 17. Ng5 Nxd2 18. Qxh7+ Kf8 19. Qh8+ Qg8 20. Qh5 Qc4 21. Qh8+ Qg8 22. Qh5 Qc4 1/2-1/2

[Event "Nice ol (Men)"]
[Site "Nice FRA"]
[Date "1974.??.??"]
[Round "2"]
[White "Vassiades, C."]
[Black "Bessenay, Maurice"]
[Result "1-0"]
[WhiteElo "2200"]
[BlackElo "2400"]
[PlyCount "99"]
[EventDate "1974.06.06"]
[Source "www.chesslib.no"]
[SourceDate "2004.05.04"]

1. e4 e5 2. Nc3 Nf6 3. f4 d5 4. fxe5 Nxe4 5. d3 Nxc3 6. bxc3 d4 7. Nf3 Nc6 8. Be2 Bg4 9. O-O Be7 10. Qe1 O-O 11. Qg3 Bf5 12. Qf4 Be6 13. Nxd4 Nxd4 14. Qxd4 Qxd4+ 15. cxd4 c5 16. Be3 Rac8 17. c4 cxd4 18. Bxd4 Rfd8 19. Bxa7 Bc5+ 20. Bxc5 Rxc5 21. Rf2 Rxe5 22. Bf3 Kf8 23. Rb1 Bc8 24. Rd2 Rd4 25. Rb3 Ke7 26. Re2 Rxe2 27. Bxe2 Kd6 28. Kf2 Kc7 29. Ke3 Rd6 30. Bf3 g5 31. h3 f5 32. d4 Re6+ 33. Kd3 Ra6 34. a3 g4 35. hxg4 fxg4 36. Be4 h5 37. d5 Kd6 38. Kd4 Ra4 39. Rb6+ Kc7 40. Rh6 b5 41. d6+ Kb8 42. Rxh5 Rxc4+ 43. Kd3 Ka7 44. Rh7+ Kb6 45. d7 Bxd7 46. Rxd7 Ra4 47. Rb7+ Ka6 48. Rg7 Rxa3+ 49. Ke2 b4 50. Rxg4 1-0

[Event "Sonnevanck 7th"]
[Site "Wijk aan Zee"]
[Date "1998.12.09"]
[Round "8"]
[White "Wortel, Marten"]
[Black "Van Beek, Lucien"]
[Result "1-0"]
[WhiteElo "2285"]
[BlackElo "2315"]
[PlyCount "167"]
[EventDate "1998.12.??"]
[Source "www.chesslib.no"]
[SourceDate "2004.05.04"]

1. e4 e5 2. Nc3 Nf6 3. f4 d5 4. fxe5 Nxe4 5. d3 Nxc3 6. bxc3 d4 7. Nf3 Nc6 8. Be2 Bc5 9. O-O dxc3+ 10. Kh1 O-O 11. Qe1 Nd4 12. Nxd4 Bxd4 13. Qg3 Qe7 14. Bf4 c5 15. Rae1 Kh8 16. Bf3 Be6 17. Be4 Qd7 18. Qh4 Bf5 19. Rf3 Bxe4 20. Rxe4 Rae8 21. Qh5 f5 22. Rh3 g6 23. Rxd4 cxd4 24. Qxg6 Rf7 25. Qg3 Qb5 26. Qe1 Rfe7 27. Rf3 Rxe5 28. Bxe5+ Qxe5 29. Qg1 f4 30. h3 Re6 31. Kh2 Rf6 32. Qb1 Rb6 33. Qc1 Rf6 34. Qa3 a6 35. Qb4 b5 36. a4 Kg7 37. axb5 axb5 38. Qa5 Kh6 39. Qd8 Kg7 40. Qd7+ Kh6 41. Qd8 b4 42. Qg8 Qe6 43. Qd8 b3 44. Qxd4 b2 45. Rxf4 Rxf4 46. Qxf4+ Kg6 47. Qg3+ Kf6 48. Qh4+ Ke5 49. Qe4+ Kd6 50. Qb4+ Kd7 51. Qb7+ Ke8 52. Qb8+ Kf7 53. Qf4+ Ke8 54. Qb8+ Kf7 55. Qf4+ Qf6 56. Qb8 Ke6 57. Qc8+ Kd5 58. Qc4+ Kd6 59. Qb4+ Kd7 60. Qb7+ Ke6 61. Qc8+ Kd6 62. Qb8+ Kc5 63. Qc7+ Qc6 64. Qe5+ Kb4 65. Qb8+ Qb5 66. Qf8+ Ka4 67. Qa8+ Qa5 68. Qb8 Qb5 69. Qa7+ Kb4 70. Qe7+ Qc5 71. Qe4+ Ka5 72. Qa8+ Kb6 73. Qb8+ Ka6 74. Qa8+ Kb5 75. Qb7+ Ka4 76. Qa8+ Qa5 77. Qb8 Qd5 78. Qa7+ Kb5 79. Qb8+ Ka6 80. Qc8+ Qb7 81. Qc4+ Ka5 82. Qa2+ Kb6 83. Qb3+ Kc5 84. Qxb7 1-0

[Event "Suetin mem"]
[Site "Tula"]
[Date "2002.03.25"]
[Round "3"]
[White "Kulikov, Oleg"]
[Black "Romanov, Evgeny"]
[Result "1/2-1/2"]
[WhiteElo "2370"]
[BlackElo "2229"]
[PlyCount "140"]
[EventDate "2002.03.23"]
[Source "ChessBase"]
[SourceDate "2002.05.03"]

1. e4 e5 2. Nc3 Nf6 3. f4 d5 4. fxe5 Nxe4 5. d3 Nxc3 6. bxc3 d4 7. Nf3 Nc6 8. cxd4 Nxd4 9. c3 Nxf3+ 10. Qxf3 Be7 11. d4 Be6 12. Bd3 c6 13. O-O Qd7 14. Be3 O-O-O 15. Rab1 h5 16. Qe2 Qd5 17. c4 Qa5 18. Rfc1 Rd7 19. d5 Bg4 20. Qf2 Ba3 21. Rc2 cxd5 22. cxd5+ Kb8 23. Rb5 Qa4 24. Qf4 Qxf4 25. Bxf4 g5 26. Bxg5 a6 27. Rb3 Be7 28. Bxe7 Rxe7 29. Rcb2 b5 30. a4 Rxe5 31. axb5 a5 32. Ra2 a4 33. Rb4 Bd1 34. Rd2 Bb3 35. Be4 Rd8 36. d6 Re6 37. d7 Re7 38. Bc6 Kc7 39. Rd3 Kb6 40. Kf2 Re5 41. Rbxb3 axb3 42. Rxb3 Rf5+ 43. Kg3 Rf6 44. Re3 Rg8+ 45. Kh3 Re6 46. Rf3 Re7 47. Rf5 Kc7 48. Rxh5 Re6 49. g3 Re2 50. Rh6 Rf2 51. Rh5 Re2 52. g4 Rc2 53. Rf5 Rh8+ 54. Kg3 Rcxh2 55. Rh5 R2xh5 56. gxh5 Kd6 57. Kg4 Ke7 58. Kg5 Rg8+ 59. Kf4 Rh8 60. Kg5 Rg8+ 61. Kf5 Rh8 62. Bf3 Kxd7 63. Kf6 Rh7 64. Kg5 Kc7 65. Be4 Rh8 66. h6 Kb6 67. Bd3 Kc5 68. h7 Rxh7 69. Bxh7 Kxb5 70. Bg8 f5 1/2-1/2